| 000 | 00557nam a2200181Ia 4500 | ||
|---|---|---|---|
| 005 | 20250508155431.0 | ||
| 008 | 008 250505s9999 xx 000 0 eng d | ||
| 037 | _aBooks to be hide in OPAC | ||
| 040 |
_aFEDL _beng _cFEDL |
||
| 041 |
_aeng _2eng |
||
| 084 |
_a371.73, IND/O _qFEDL |
||
| 245 | 0 | _aReport of the committee on evaluation of therapeutical claims of yogic practices | |
| 245 | 0 | _cMinistry of Education. Government of India | |
| 260 | _c1962 | ||
| 300 | _aii,72p. | ||
| 942 |
_cHB _h371.73, IND/O |
||
| 999 |
_c1356856 _d1356856 |
||